书目信息 |
| 题名: |
自我暗示
|
|
| 作者: | 多湖辉 著 ;韩秀英 译 | |
| 分册: | ||
| 出版信息: | 北京 商务印书馆国际有限公司 1999 |
|
| 页数: | 15,13,196页 | |
| 开本: | 17cm | |
| 丛书名: | 心理透视丛书 | |
| 单 册: | ||
| 中图分类: | B842.9 , B848 | |
| 科图分类: | ||
| 主题词: | 自我暗示 , 个性心理学 , 人格心理学 | |
| 电子资源: | ||
| ISBN: | 7-80103-172-5 | |
| 000 | 00785nam2 2200289 450 | |
| 001 | 1239942109 | |
| 005 | 20120929110720.51 | |
| 010 | @a7-80103-172-5@dCNY10.80 | |
| 100 | @a20021005d1999 em y0chiy0110 ea | |
| 101 | 1 | @achi@cjpn |
| 102 | @aCN@b110000 | |
| 105 | @af z 000yy | |
| 106 | @ar | |
| 200 | 1 | @a自我暗示@Azi wo an shi@f(日)多湖辉著@g韩秀英译 |
| 210 | @a北京@c商务印书馆国际有限公司@d1999 | |
| 215 | @a15,13,196页@c插图@d17cm | |
| 225 | 2 | @a心理透视丛书 |
| 410 | 0 | @12001 @a心理透视丛书 |
| 606 | 0 | @a自我暗示 |
| 606 | 0 | @a个性心理学 |
| 606 | 0 | @a人格心理学 |
| 690 | @aB842.9@v3 | |
| 690 | @aB848@v4 | |
| 701 | 0 | @a多湖辉@Aduo hu hui@4著 |
| 702 | 0 | @a韩秀英@Ahan xiu ying@4译 |
| 801 | 0 | @aCN@bNLC@c19990412 |
| 905 | @a10447@dB848@eJY104 | |
| 自我暗示/(日)多湖辉著/韩秀英译 .-北京:商务印书馆国际有限公司,1999 |
| 15,13,196页:插图;17cm .-(心理透视丛书 ) |
| ISBN 7-80103-172-5:CNY10.80 |
| ● |
| 相关链接 |
|
|
|
|
正题名:自我暗示
索取号:B848/JY104
 
预约/预借
| 序号 | 登录号 | 条形码 | 馆藏地/架位号 | 状态 | 备注 |
| 1 | 7830337 | 278303373 | 学院路分馆/ [索取号:B848/JY104] | 在馆 | |
| 2 | 7830338 | 278303382 | 学院路分馆/ [索取号:B848/JY104] | 在馆 |